MARC details
| 000 -LEADER |
| fixed length control field |
00993nam a2200313#a 4500 |
| 001 - CONTROL NUMBER |
| control field |
01080 |
| 003 - CONTROL NUMBER IDENTIFIER |
| control field |
HDC |
| 007 - PHYSICAL DESCRIPTION FIXED FIELD--GENERAL INFORMATION |
| fixed length control field |
ta |
| 008 - FIXED-LENGTH DATA ELEMENTS--GENERAL INFORMATION |
| fixed length control field |
230623s2002 xx 000 0 eng d |
| 020 ## - INTERNATIONAL STANDARD BOOK NUMBER |
| International Standard Book Number |
0851994644 (hbk.). |
| 040 ## - CATALOGING SOURCE |
| Original cataloging agency |
HDC |
| 050 ## - LIBRARY OF CONGRESS CALL NUMBER |
| Classification number |
SF 494 |
| Item number |
.P67 2002 |
| 245 #0 - TITLE STATEMENT |
| Title |
Poultry feedstuffs : |
| Remainder of title |
supply, composition, and nutritive value / |
| Statement of responsibility, etc. |
edited by J.M. McNab and K.N. Boorman. |
| 264 ## - PRODUCTION, PUBLICATION, DISTRIBUTION, MANUFACTURE, AND COPYRIGHT NOTICE |
| Place of production, publication, distribution, manufacture |
New York, NY : |
| 264 ## - PRODUCTION, PUBLICATION, DISTRIBUTION, MANUFACTURE, AND COPYRIGHT NOTICE |
| Place of production, publication, distribution, manufacture |
Wallington, Oxon |
| Name of producer, publisher, distributor, manufacturer |
CABI Pub., |
| Date of production, publication, distribution, manufacture, or copyright notice |
c2002. |
| 300 ## - PHYSICAL DESCRIPTION |
| Extent |
x,427p. : |
| Other physical details |
ill. ; |
| Dimensions |
26cm. |
| 490 ## - SERIES STATEMENT |
| Series statement |
Poultry science symposium series ; |
| 500 ## - GENERAL NOTE |
| General note |
Includes bibliographical references. |
| 650 ## - SUBJECT ADDED ENTRY--TOPICAL TERM |
| Topical term or geographic name entry element |
Poultry |
| General subdivision |
Feeding and feeds |
| Form subdivision |
Congresses. |
| 700 ## - ADDED ENTRY--PERSONAL NAME |
| Personal name |
Boorman, K. N. |
| 700 ## - ADDED ENTRY--PERSONAL NAME |
| Personal name |
Boorman, K. N. |
| 700 ## - ADDED ENTRY--PERSONAL NAME |
| Personal name |
McNab, J. M. |
| 711 ## - ADDED ENTRY--MEETING NAME |
| Meeting name or jurisdiction name as entry element |
Poultry Science Symposium |
| Location of meeting |
(Edinburgh, Scotland) |
| Date of meeting or treaty signing |
1999 : |
| 711 ## - ADDED ENTRY--MEETING NAME |
| Meeting name or jurisdiction name as entry element |
Poultry Science Symposium ; |
| Location of meeting |
(Edinburgh, Scotland) |
| Date of meeting or treaty signing |
1999 : |
| 942 ## - ADDED ENTRY ELEMENTS (KOHA) |
| Source of classification or shelving scheme |
Library of Congress Classification |
| 942 ## - ADDED ENTRY ELEMENTS (KOHA) |
| Koha item type |
Book |
| 942 ## - ADDED ENTRY ELEMENTS (KOHA) |
| Call number prefix |
SF 494 |
| 942 ## - ADDED ENTRY ELEMENTS (KOHA) |
| Call number suffix |
.P67 2002 |